[Event "TCh-ISR"]
[Site "ISR"]
[Date "2002.04.12"]
[Round "8"]
[White "Pasman,M"]
[Black "Gershon,A"]
[Result "0-1"]
[WhiteElo "2310"]
[BlackElo "2558"]

1.e4 c5 2.Nf3 Nc6 3.Bb5 e6 4.O-O Nge7 5.Re1 a6 6.Bxc6 Nxc6 7.d4 cxd4 8.Nxd4 Qc7
9.Nc3 Bd6 10.Nd5 exd5 11.exd5+ Ne5 12.f4 O-O 13.fxe5 Bxe5 14.Nf3 d6 15.Nxe5 dxe5
16.d6 Qc5+ 17.Be3 Qc6 18.c4 Be6 19.c5 f5 20.b4 f4 21.Bd4 e4 22.Bb2 Rf5 23.Qg4 Rf6
24.Qg5 Rg6 25.Qxf4 Bh3 26.Re2 e3 27.g3 Re8 28.Rd1 Rg4 29.d7 Rxf4 30.dxe8=Q+ Qxe8
31.gxf4 Bg4 32.Bf6 Qe4 33.Rd8+ Kf7  0-1

[Event "Masters KO"]
[Site "Villa Martelli ARG"]
[Date "2002.04.12"]
[Round "1.1"]
[White "Zarnicki,P"]
[Black "Felgaer,R"]
[Result "1/2-1/2"]
[WhiteElo "2493"]
[BlackElo "2509"]

1.e4 c5 2.Nf3 Nc6 3.Bb5 e6 4.O-O Nge7 5.c3 d5 6.exd5 Qxd5 7.Na3 Ng6 8.Re1 Be7
9.d4 cxd4 10.Nxd4 O-O 11.Bc4 Qd7 12.Nac2 Nxd4 13.Nxd4 Qc7 14.Bb3 a6 15.Qf3 Bf6
16.Be3 Bd7 17.Rad1 Rad8 18.Bc2 e5 19.Nf5 Bc6 20.Be4 Rxd1 21.Rxd1 Bxe4 22.Qxe4 Rd8
23.Rxd8+ Qxd8 24.g3 Ne7 25.Nxe7+ Qxe7 26.Qd5 Qc7 27.c4 Qc6 28.Qxc6 bxc6 29.Bc5 Bd8
30.b4 f5 31.a4 Kf7 32.b5 axb5 33.axb5 cxb5 34.cxb5 Be7 35.Be3 Ke6 36.Kg2 Kd5
37.g4 f4 38.Bc1 g5 39.f3 Bd8  1/2-1/2

[Event "Classics GM"]
[Site "Gausdal NOR"]
[Date "2002.04.13"]
[Round "3"]
[White "Royset,P"]
[Black "Kotronias,V"]
[Result "0-1"]
[WhiteElo "2280"]
[BlackElo "2568"]

1.e4 c5 2.Nf3 Nc6 3.Bb5 g6 4.Bxc6 dxc6 5.d3 Bg7 6.h3 b6 7.Nc3 e5 8.Bg5 f6
9.Be3 Nh6 10.Qd2 Nf7 11.O-O-O Be6 12.g4 Qe7 13.Rdg1 O-O-O 14.Qe2 Nd6 15.h4 Nb5
16.Nxb5 cxb5 17.Kb1 Rhe8 18.h5 g5 19.Nd2 Bf8 20.f3 Kb7 21.Rc1 Rd7 22.Rhd1 Red8
23.Nf1 a5 24.Ng3 Qf7 25.a3 b4 26.c3 Ba2+ 27.Ka1 Bb3 28.Rd2 bxa3 29.bxa3 c4
30.dxc4 Rxd2 31.Bxd2 Bxc4 32.Qf2 Qe7  0-1

[Event "9th Hotel Opatija IM"]
[Site "Kastav CRO"]
[Date "2002.04.13"]
[Round "4"]
[White "Dumpor,A"]
[Black "Muslija,I"]
[Result "1/2-1/2"]
[WhiteElo "2328"]
[BlackElo "2240"]

1.Nf3 c5 2.e4 Nc6 3.Bb5 g6 4.O-O Bg7 5.Bxc6 dxc6 6.h3 e5 7.d3 f6 8.Be3 Qe7
9.Qd2 Be6 10.Qc3 Bf8 11.a4 a5 12.Na3 b6 13.Nc4 Qc7 14.Nh4 g5 15.Nf5 h5 16.h4 g4
17.f4 gxf3 18.Rxf3 Kd7 19.Qb3 Rb8 20.Qc3 Ne7 21.Bf2 Nxf5 22.exf5 Bd5 23.Rg3 Be7
24.Re1 Rbg8 25.Qb3 Bd8 26.Ree3 Kc8 27.Qc3 Qd7 28.Rxg8 Rxg8 29.Rg3 Rxg3 30.Bxg3 Bxc4
31.Qxc4 Qxf5 32.Bf2 Qg4 33.Qb3 Bc7 34.c3  1/2-1/2

[Event "1st It"]
[Site "Asuncion PAR"]
[Date "2002.04.16"]
[Round "8"]
[White "Lipiniks,L"]
[Black "Gamarra Caceres,C"]
[Result "1-0"]
[WhiteElo "2180"]
[BlackElo "2278"]

1.e4 c5 2.Nf3 Nc6 3.Bb5 e6 4.O-O Nge7 5.Re1 a6 6.Bxc6 Nxc6 7.d4 cxd4 8.Nxd4 Qc7
9.b3 Bd6 10.Nf3 Ne5 11.h3 Nxf3+ 12.Qxf3 O-O 13.Bb2 Be5 14.Bxe5 Qxe5 15.Nd2 b5
16.Qd3 Qc7 17.a4 Rb8 18.axb5 axb5 19.c4 bxc4 20.Nxc4 Bb7 21.Nd6 Bc6 22.Rab1 Rb4
23.Qd2 Rfb8 24.Re3 Qd8 25.Qc3 Qf6 26.Qd2 Qg5 27.Nxf7 Qf4 28.Nd6 h6 29.Qd3 Qe5
30.Nc4 Qc5 31.Rg3 Rf8 32.Rb2 d5 33.exd5 exd5 34.Qg6 Rb7 35.Qe6+  1-0

[Event "Golden Cleopatra"]
[Site "Cairo EGY"]
[Date "2002.04.16"]
[Round "10"]
[White "Ahmed,Es"]
[Black "Holmsten,A"]
[Result "0-1"]
[WhiteElo "2382"]
[BlackElo "2420"]

1.e4 c5 2.Nf3 Nc6 3.Bb5 g6 4.O-O Bg7 5.Re1 Nf6 6.c3 O-O 7.h3 d5 8.e5 Ne8
9.d4 c4 10.b3 cxb3 11.axb3 Nc7 12.Bd3 b5 13.c4 bxc4 14.bxc4 dxc4 15.Bxc4 Nd5
16.Bxd5 Qxd5 17.Nc3 Qc4 18.Ra4 Nb4 19.Na2 Bd7 20.Rxb4 Qxa2 21.d5 a5 22.Rb7 Rfd8
23.Qd4 Be6 24.Rxe7 Qxd5 25.Qh4 Rd7 26.Rxd7 Bxd7 27.Ng5 h5 28.Qf4 Be6 29.Bb2 a4
30.Ne4 a3 31.Ba1 Qc4 32.Rc1 Qa4 33.Qe3 Qb3 34.Rc3 Qa2 35.Rc1 Qb3 36.Rc3 Qd1+
37.Kh2 Qxa1 38.Nf6+ Bxf6 39.exf6 Kh7 40.Qf3 a2 41.Rc5 Qxf6 42.Qxf6 a1=Q 43.Re5 Ra5
44.f4 Rxe5 45.fxe5 Qe1 46.Qg5 Qf2 47.Kh1 Bd5 48.Kh2 Kg7 49.Kh1 Qf1+ 50.Kh2 Qxg2+
51.Qxg2 Bxg2 52.Kxg2 g5 53.Kf3 Kg6 54.Ke4 g4 55.hxg4 hxg4  0-1

[Event "XX Open"]
[Site "Metz FRA"]
[Date "2002.04.18"]
[Round "6"]
[White "Boudre,JP"]
[Black "Sprenger,J"]
[Result "1/2-1/2"]
[WhiteElo "2384"]
[BlackElo "2464"]

1.e4 c5 2.Nf3 Nc6 3.Bb5 g6 4.Bxc6 dxc6 5.d3 Bg7 6.h3 e5 7.Be3 Qe7 8.Nc3 Nf6
9.Qd2 h6 10.O-O-O b6 11.Kb1 Bd7 12.Ng1 O-O-O 13.Nge2 Ne8 14.f4 exf4 15.Bxf4 g5
16.Bh2 Nd6  1/2-1/2

[Event "Alushta-100"]
[Site "Alushta UKR"]
[Date "2002.04.19"]
[Round "?"]
[White "Karjakin,Sergey"]
[Black "Arzumanian,G"]
[Result "1-0"]
[WhiteElo "2489"]
[BlackElo "2461"]

1.e4 c5 2.Nf3 Nc6 3.Bb5 e6 4.Bxc6 bxc6 5.b3 f6 6.O-O Nh6 7.d4 Nf7 8.Ba3 cxd4
9.Bxf8 Kxf8 10.Qxd4 e5 11.Qd3 d5 12.Rd1 f5 13.Qc3 Qd6 14.Nbd2 Be6 15.Qa5 fxe4
16.Nxe4 Qe7 17.Ned2 g5 18.Re1 Bd7 19.Qc7 e4 20.Nd4 c5 21.Ne2 e3 22.fxe3 Qxe3+
23.Kh1 Qxd2 24.Qxd7 Re8 25.Rf1 Re7 26.Qd8+  1-0

[Event "Alushta-100"]
[Site "Alushta UKR"]
[Date "2002.04.19"]
[Round "?"]
[White "Zavgorodniy,S"]
[Black "Miroshnichenko,E"]
[Result "1/2-1/2"]
[WhiteElo "2389"]
[BlackElo "2510"]

1.e4 c5 2.Nf3 Nc6 3.Bb5 g6 4.Bxc6 bxc6 5.O-O Bg7 6.Re1 Nh6 7.c3 O-O 8.d4 cxd4
9.cxd4 f6 10.Nc3 Nf7 11.h3 d6 12.Qe2 Qa5 13.Bd2 Ba6 14.Qd1 Rab8 15.b3 Rfe8
16.Qc2 Rbc8 17.Qb2 Bb7 18.b4 Qc7 19.Rac1 Qb8 20.Qb3 e6 21.Na4 Ba6 22.e5 fxe5
23.dxe5 d5 24.Qa3 Rc7 25.Nc5 Bc8 26.h4 Nh6 27.Ng5 Rce7 28.f4 a5 29.bxa5 Bf8
30.Bb4 Qa7 31.Qe3 Ng4 32.Qf3 Rb7 33.a3 Rb5 34.Qxg4 Bxc5+ 35.Bxc5 Rxc5 36.Kh2 Rf8
37.h5 Rc4 38.Rxc4 dxc4 39.Ne4 Kg7 40.Qg5 c3 41.Nxc3 Rf5 42.h6+ Kf7 43.Qd8 Qf2
44.Qc7+ Kf8 45.Qxc8+ Kf7 46.Qd7+ Kf8 47.Qd8+ Kf7  1/2-1/2

[Event "Alushta-100"]
[Site "Alushta UKR"]
[Date "2002.04.19"]
[Round "?"]
[White "Miroshnichenko,E"]
[Black "Arzumanian,G"]
[Result "1-0"]
[WhiteElo "2510"]
[BlackElo "2461"]

1.e4 c5 2.Nf3 Nc6 3.Bb5 e6 4.O-O Nge7 5.c3 a6 6.Ba4 b5 7.Bc2 Bb7 8.Re1 Rc8
9.a4 b4 10.d4 bxc3 11.d5 cxb2 12.Bxb2 Nb4 13.Nbd2 Ng6 14.Nc4 d6 15.a5 e5
16.Ba4+ Ke7 17.Nfxe5 Nxe5 18.Bxe5 dxe5 19.d6+ Kf6 20.Qh5 g5 21.Ra3 Kg7 22.Be8  1-0

[Event "Open"]
[Site "Dubai UAE"]
[Date "2002.04.19"]
[Round "5"]
[White "Turov,M"]
[Black "Tregubov,P"]
[Result "1-0"]
[WhiteElo "2563"]
[BlackElo "2626"]

1.e4 c5 2.Nf3 Nc6 3.Bb5 g6 4.O-O Bg7 5.Bxc6 dxc6 6.d3 Nf6 7.h3 O-O 8.Nc3 Nd7
9.Be3 e5 10.Qd2 Re8 11.Nh2 Qe7 12.Bh6 Bh8 13.Kh1 b5 14.a4 b4 15.Ne2 Ba6 16.b3 Rad8
17.Rad1 Nf8 18.f4 exf4 19.Qxf4 Ne6 20.Qf2 Nd4 21.Bg5 f6 22.Nxd4 cxd4 23.Bxf6 Bxf6
24.Qxf6 Rd6 25.Qf4 Rf8 26.Qg3 Rdf6 27.Rxf6 Rxf6 28.Kg1 Bc8 29.Qb8 Rf8 30.Rf1 Re8
31.Qf4 c5 32.Nf3 Kg7 33.Ng5 Kg8 34.Qg3 Rf8 35.Rxf8+ Kxf8 36.Qh4 Kg8 37.Qf4 Kg7
38.Nf3 h6 39.Qb8 Be6 40.Qe5+ Kh7 41.Nh2 Qg5 42.Qc7+ Kg8 43.Qb8+ Kg7 44.Nf3 Qc1+
45.Kh2 Qxc2 46.Qxa7+ Bf7 47.a5 Qxb3 48.a6 Qe6 49.Qb7 Qf6 50.a7 Qf4+ 51.Kh1  1-0

[Event "XX Open"]
[Site "Metz FRA"]
[Date "2002.04.20"]
[Round "8"]
[White "Boudre,JP"]
[Black "Pucher,O"]
[Result "1-0"]
[WhiteElo "2384"]
[BlackElo "2146"]

1.e4 c5 2.Nf3 Nc6 3.Bb5 g6 4.Bxc6 bxc6 5.O-O Bg7 6.Re1 Nf6 7.e5 Nd5 8.c4 Nb6
9.d3 O-O 10.Nc3 f6 11.exf6 exf6 12.Be3 d6 13.h3 Re8 14.Qd2 Be6 15.b3 Qd7
16.d4 cxd4 17.Nxd4 Rad8 18.Bf4 f5 19.Bg5 Rc8 20.Nxe6 Rxe6 21.Rxe6 Qxe6 22.Re1 Qf7
23.Re7 Qf8 24.Qxd6  1-0

[Event "XX Open"]
[Site "Metz FRA"]
[Date "2002.04.20"]
[Round "8"]
[White "Delchev,A"]
[Black "Mensch,E"]
[Result "1/2-1/2"]
[WhiteElo "2591"]
[BlackElo "2380"]

1.e4 c5 2.Nf3 Nc6 3.Bb5 g6 4.Bxc6 dxc6 5.d3 Bg7 6.h3 Nf6 7.Nc3 b6 8.Be3 O-O
9.Qd2 Ne8 10.Bh6 f6 11.e5 Be6 12.O-O Bd5 13.Nh2 c4 14.Ng4 f5 15.Bxg7 Nxg7
16.Nh2 cxd3 17.Qxd3 e6 18.Rfe1 Qe7 19.Rad1 Rad8 20.Qe3 Rd7 21.Rd2 Rfd8 22.Red1 Ne8
23.b3 Nc7 24.Qg3 c5 25.h4 Bc6 26.Rxd7 Rxd7 27.Rd6 Bb7 28.h5 Ne8 29.Rxd7 Qxd7
30.hxg6 hxg6 31.Qxg6+ Ng7 32.Qg3 Qd4 33.Nb5 Qa1+ 34.Nf1 Ba6 35.c4 Bxb5 36.cxb5 Qxa2
37.Qd3 Qa1 38.f4 Qe1 39.g3 Qb4 40.Nd2 Qa3 41.Nf3 Qc1+ 42.Kg2 Qb2+ 43.Kh3 Qf2
44.Ng5 Qd4 45.Qxd4 cxd4 46.Kg2 Kf8 47.Kf2 Ke7 48.Nf3 d3 49.Nd2 Ne8 50.Nc4 Ng7
51.Ke3 Nh5 52.Kf3 Ng7 53.Ne3 Ne8 54.Nc4 Ng7 55.Kf2 Kd7 56.Ne3 Ne8 57.Nd1 Ng7
58.Ke3 Nh5 59.g4 fxg4 60.Nf2 d2 61.Kxd2 Nxf4 62.Nxg4 Ng6 63.Ke3 Kc7 64.Ke4 Kb7
65.Nh6 Kc7 66.Nf7 Kd7 67.Ng5 Ne7 68.Nf3 Nd5 69.Nd4 Nb4 70.Ke3 a6 71.bxa6 Nxa6
72.Kd3 Nc7 73.Ke4 Kd8 74.Nc2 Kd7 75.Nb4 Kd8 76.Kd4 Kd7 77.Ke4 Nb5 78.Nc2 Kc6
79.Nb4+ Kd7 80.Kd3 Nc7 81.Kc4 Kd8 82.Nc2 Kd7 83.Nd4 Kd8 84.Nc6+ Kd7 85.Na7 Kd8
86.Nb5 Nd5 87.Nc3 Nc7 88.Kd4 Kd7 89.Ke4 Kc6 90.b4 Nb5 91.Ne2 Nc7 92.Nd4+ Kd7
93.Kf3 Nd5 94.b5 Ke7 95.Kg4 Ne3+ 96.Kg5 Kf7 97.Nc6 Nd5 98.Nd8+ Ke7 99.Nb7 Nb4
100.Nd6 Nd3 101.Nc4 Kf7 102.Kh6 Nf2 103.Nd6+ Ke7 104.Kg5 Nd3 105.Nc4 Kf7
106.Kh6 Nf2 107.Nd6+ Ke7 108.Kg6 Nd3 109.Nc4 Nf4+ 110.Kg7 Nd3 111.Kg6 Nf4+
112.Kh6 Nd3 113.Kg7 Nxe5 114.Nxe5 Kd6 115.Nd3 e5 116.Kf6 e4 117.Nf4 Kc5  1/2-1/2

[Event "Open"]
[Site "Dubai UAE"]
[Date "2002.04.22"]
[Round "6"]
[White "Velikhanli,F"]
[Black "Kainz,J"]
[Result "1-0"]
[WhiteElo "2325"]
[BlackElo "2068"]

1.e4 c5 2.Nf3 Nc6 3.Bb5 d6 4.c3 Nf6 5.Qe2 e5 6.d4 cxd4 7.cxd4 a6 8.Bxc6+ bxc6
9.dxe5 dxe5 10.O-O Bd6 11.Nbd2 Qe7 12.Nc4 Bc7 13.b3 a5 14.Ba3 c5 15.Qe3 Nd7
16.Nb2 Bb6 17.Na4 Ba7 18.Qc3 Bb7 19.Rfe1 O-O 20.Rac1 f5 21.Nxc5 Rac8 22.Qc4+ Kh8
23.Nxb7 Qxa3 24.Qxc8 Rxc8 25.Rxc8+ Nf8 26.Nxe5 g6 27.exf5 Qb4 28.Rd1 Kg7
29.Nd6 Qb6 30.f6+ Kh6 31.Nef7+ Kh5 32.Rd5+ g5 33.Rxg5+ Kh4 34.Nf5+  1-0

[Event "City-ch w"]
[Site "St-Petersburg RUS"]
[Date "2002.04.23"]
[Round "8"]
[White "Epstein,A"]
[Black "Sudakova,I"]
[Result "0-1"]
[WhiteElo "2108"]
[BlackElo "2369"]

1.e4 c5 2.Nf3 Nc6 3.Bb5 g6 4.O-O Bg7 5.Re1 e5 6.Bxc6 dxc6 7.h3 Qe7 8.d3 Nf6
9.Nbd2 O-O 10.Nc4 Nh5 11.b3 b5 12.Ne3 Nf4 13.Bb2 f5 14.Nf1 fxe4 15.Rxe4 Bf5
16.Re1 e4 17.Bxg7 Qxg7 18.dxe4 Rad8 19.N1d2 Bxh3 20.gxh3 Nxh3+ 21.Kf1 Qh6
22.Re3 Nf4 23.Ng1 Qh2 24.Rg3 Nd3 25.Rf3 Qxf2+  0-1

[Event "TSGM April"]
[Site "Belgrade YUG"]
[Date "2002.04.24"]
[Round "5"]
[White "Vujacic,B"]
[Black "Nyback,T"]
[Result "0-1"]
[WhiteElo "2417"]
[BlackElo "2420"]

1.e4 c5 2.Nf3 Nc6 3.Bb5 e6 4.O-O Nge7 5.c3 a6 6.Ba4 d5 7.exd5 Qxd5 8.d4 Nf5
9.Re1 Be7 10.Ne5 cxd4 11.Nxc6 bxc6 12.cxd4 Bd7 13.Nc3 Qxd4 14.Qf3 Rc8 15.Bf4 O-O
16.Rad1 Qa7 17.Bc2 Bf6 18.Qd3 Qd4 19.Qf3 Qa7 20.Be5 Bxe5 21.Rxe5 g6 22.Qd3 Rcd8
23.Qc4 Ne7 24.Qh4 f6 25.Re3 e5 26.Red3 Nf5 27.Qc4+ Kg7 28.Ne2 c5 29.Ra3 Bc8
30.Rc1 Nd4 31.Bd1 Qb6 32.b3 Bb7 33.Ng3 Rd6 34.h4 Rfd8 35.Be2 Ne6 36.Qc3 Rd2
37.Qe3 Nf4 38.Bf1 Rd1 39.Qxc5 Qxc5 40.Rxc5 Bxg2 41.Rc7+ Kh6 42.Rxa6 Rxf1+
43.Nxf1 Rd1 44.Kh2 Rxf1 45.Kg3 Rh1 46.f3 Rh3+ 47.Kf2 Rxf3+ 48.Ke1 e4 49.Raa7 Kh5
50.Rxh7+ Kg4 51.Rhe7 e3 52.Kd1 Rf1+ 53.Kc2 e2 54.Ra6 f5  0-1

[Event "Open"]
[Site "Dubai UAE"]
[Date "2002.04.24"]
[Round "8"]
[White "Belkhodja,S"]
[Black "Sveshnikov,E"]
[Result "0-1"]
[WhiteElo "2506"]
[BlackElo "2556"]

1.e4 c5 2.Nf3 Nc6 3.Bb5 e6 4.Bxc6 bxc6 5.b3 f6 6.O-O Nh6 7.d4 Nf7 8.Ba3 cxd4
9.Bxf8 Kxf8 10.Qxd4 e5 11.Qd2 d5 12.Nc3 dxe4 13.Qxd8+ Nxd8 14.Nxe4 Bf5 15.Rfe1 Ne6
16.Rad1 Ke7 17.Nh4 Bg6 18.f3 Rhd8 19.Kf2 Rd5 20.Nxg6+ hxg6 21.c4 Rdd8 22.h4 a5
23.Nc3 Rh8 24.Rh1 Rad8 25.g3 Rxd1 26.Rxd1 g5 27.hxg5 Nxg5 28.Kg2 Ne6 29.Ne2 Nc5
30.f4 Ke6 31.fxe5 fxe5 32.Kf3 Rf8+ 33.Ke3 g5 34.Rh1 g4 35.Rh6+ Kd7 36.Rg6 Rf3+
37.Kd2 Ne4+ 38.Ke1 Nf6 39.Rg7+ Kd6 40.Rg6 Ke6 41.Rg7 Kf5 42.Rf7 Ke4 43.Kd2 Rd3+
44.Kc2 Rd6 45.c5 Re6 46.Kd2 Nd5 47.Rg7 Kf3 48.Rg5 Ne3 49.Rg8 Rf6 50.Rd8 Nf5
51.Rd3+ Kg2 52.Nc3 Nxg3 53.Rd6 Rf2+ 54.Kd3 e4+ 55.Nxe4 Rf3+ 56.Kd4 Rf4 57.Rxc6 Rxe4+
58.Kd5 Kf3 59.Rg6 Nf5 60.Rg5 Ne7+ 61.Kd6 g3 62.c6 g2 63.c7 Nc8+ 64.Kd7 Na7  0-1

[Event "ch-PHI"]
[Site "Makati PHI"]
[Date "2002.05.02"]
[Round "10"]
[White "Antonio,R"]
[Black "Bancod,R"]
[Result "1-0"]
[WhiteElo "2508"]
[BlackElo "2356"]

1.e4 c5 2.Nf3 Nc6 3.Bb5 g6 4.O-O Bg7 5.Re1 e5 6.Bxc6 bxc6 7.c3 Ne7 8.d4 cxd4
9.cxd4 exd4 10.Nxd4 O-O 11.Nc3 Rb8 12.Nb3 d5 13.Be3 dxe4 14.Bc5 Qxd1 15.Raxd1 Re8
16.Bd6 Ra8 17.Bxe7 Rxe7 18.Rd8+ Bf8 19.Rxe4 Kg7 20.Na5 Bf5 21.Rxe7 Rxd8 22.Re2 Bg4
23.f3 Bc5+ 24.Kh1 Be6 25.Nb7  1-0

[Event "ch-PHI"]
[Site "Makati PHI"]
[Date "2002.05.04"]
[Round "12"]
[White "Garma,C"]
[Black "Ranola,Y"]
[Result "0-1"]
[WhiteElo "2404"]
[BlackElo "2422"]

1.e4 c5 2.Nf3 Nc6 3.Bb5 e6 4.O-O Nge7 5.Re1 a6 6.Bf1 d5 7.exd5 Nxd5 8.c4 Nf6
9.b3 Be7 10.Bb2 b6 11.Na3 Bb7 12.Nc2 Qc7 13.Qe2 O-O-O 14.a4 Qf4 15.g3 Qf5
16.Ne3 Qh5 17.Bg2 Rd7 18.Bc3 a5 19.Nc2 Rhd8 20.Na3 Ne4 21.Nb5 Nxc3 22.dxc3 Bf6
23.Rad1 Qf5 24.Rxd7 Rxd7 25.Rd1 Rxd1+ 26.Qxd1 Be7 27.h3 Qf6 28.Nd2 Bf8 29.Ne4 Qd8
30.Qf3 f5 31.Qf4 fxe4 32.Bxe4 Be7 33.Qf7 Qd1+ 34.Kh2 Kd7 35.Qf4 Bd8 36.Qf7+ Be7
37.Qf4 Bd8 38.Bd5 exd5 39.Qf5+ Ke7 40.cxd5 Qe2 41.Kg1 Qe5 42.Qf3 Qf6 43.Qe4+ Kf8
44.Qxh7 Ne7 45.c4 Bc8 46.g4 Ng6 47.Qh5 Bd7 48.Nc3 Qxc3 49.Qxg6 Bf6 50.Kg2 Qxb3
51.Qe4 Qxa4 52.Qf4 Qb3 53.h4 Qd1 54.Qd6+ Ke8 55.g5 Qg4+ 56.Kf1 Qxc4+ 57.Kg1 Qg4+  0-1

[Event "Capablanca Mem Mixto"]
[Site "Havana CUB"]
[Date "2002.05.06"]
[Round "11"]
[White "Arribas,M"]
[Black "Ocampo,R MEX"]
[Result "1/2-1/2"]
[WhiteElo "2290"]
[BlackElo "2312"]

1.e4 c5 2.Nf3 Nc6 3.Bb5 g6 4.O-O Bg7 5.Nc3 e5 6.d3 Nge7 7.Be3 d6 8.Nd2 O-O
9.f4 f5 10.fxe5 Nxe5 11.h3 a6 12.Ba4 Be6 13.Bb3 Bxb3 14.axb3 N5c6 15.Nf3 Nd4
16.Bxd4 cxd4 17.Ne2 d5 18.e5 Nc6 19.Kh1 Nxe5 20.Nfxd4 Re8 21.c3 Bh6 22.Nf3 Nd7  1/2-1/2

[Event "Mitropa Cup"]
[Site "Leipzig GER"]
[Date "2002.05.06"]
[Round "4"]
[White "Lutz,C"]
[Black "Pira,D"]
[Result "1-0"]
[WhiteElo "2644"]
[BlackElo "2434"]

1.e4 c5 2.Nf3 Nc6 3.Bb5 e6 4.O-O Nge7 5.c3 d5 6.exd5 Qxd5 7.d4 cxd4 8.c4 Qd6
9.Nxd4 Bd7 10.Nf3 Nf5 11.Nc3 a6 12.Ba4 Rd8 13.Ne4 Qxd1 14.Rxd1 Ncd4 15.Bxd7+ Rxd7
16.Nxd4 Rxd4 17.Rxd4 Nxd4 18.Be3 Nc2 19.Rd1 Nxe3 20.fxe3 f5 21.Nd6+ Bxd6
22.Rxd6 Ke7 23.Rb6 Rc8 24.Rxb7+ Kf6 25.b3 Rd8 26.h4 Rd1+ 27.Kh2 Rd2 28.a4 a5
29.Kg3 Rb2 30.Kf3 g6 31.c5 h6 32.c6 Rc2 33.c7 g5 34.hxg5+ hxg5 35.b4 g4+
36.Kg3 Kg5 37.bxa5 e5 38.Rb5 Rxc7 39.a6 Ra7 40.Rxe5 Rxa6 41.e4 Rxa4 42.Rxf5+ Kh6
43.Rf4 Kh5 44.Rxg4 Rb4 45.Kf3 Rb8 46.Rg7 Kh6 47.Rg3  1-0

[Event "ch-UKR w"]
[Site "Alushta UKR"]
[Date "2002.05.09"]
[Round "7"]
[White "Sulejmanova,A"]
[Black "Rohonyan,K"]
[Result "1/2-1/2"]
[WhiteElo "2218"]
[BlackElo "2227"]

1.e4 c5 2.Nf3 Nc6 3.Bb5 g6 4.O-O Bg7 5.c3 Nf6 6.Re1 O-O 7.d4 cxd4 8.cxd4 d5
9.e5 Ne4 10.h3 Qb6 11.Bxc6 bxc6 12.Nc3 Nxc3 13.bxc3 Ba6 14.Ba3 Qc7 15.Ng5 Bc8
16.Bc5 h6 17.Nf3 Rb8 18.Qa4 a6 19.Rab1 Rb5 20.c4 dxc4 21.Qxc4 Be6 22.Qe2 Qb7
23.Rxb5 cxb5 24.a3 Bd5 25.Rb1 Qd7 26.Ne1 Rc8 27.Nc2 Qf5 28.Re1 Qg5 29.Ne3 Bb7
30.Qd3 e6 31.Bd6 Bf8 32.Bxf8 Kxf8 33.Qd2 Kg8 34.Qb2 Qd8 35.Rd1 Bd5 36.Rc1 Rxc1+
37.Qxc1 Bb7 38.Qc5 h5 39.Kf1 Be4 40.Qc3 Qd7 41.Qb4 Qc7 42.Qc5 Qb7 43.Qb4 Bc6
44.Kg1 Qd7 45.Qc3 Be4 46.Qb4 Qc7 47.Qc5 Qxc5 48.dxc5 Kf8 49.f3 Bb1 50.Nd1 Ke7
51.Kf2 Kd7 52.Ke3 Kc6 53.Kd4 a5 54.g3 Ba2 55.Nb2 Bb1 56.h4 Bc2 57.g4 Bb3
58.gxh5 gxh5 59.Nd3 Bd5 60.f4 Bf3 61.Nc1 Bd1 62.Nd3 Bc2 63.Ne1 Bd1 64.Nd3 Be2
65.Nf2 b4 66.axb4 axb4 67.Ne4 b3 68.Kc3 Bd1 69.Nd6 Kxc5 70.Nxf7 Kd5 71.Ng5 Bc2
72.Nf7 Ke4 73.Ng5+ Kf5 74.Kb2 Be4 75.Kxb3 Bd5+ 76.Kc3 Kxf4 77.Kd4 Bb3 78.Kc3 Ba2
79.Kd4 Kg4 80.Ke3 Kxh4 81.Kf4 Bd5 82.Nh7 Bc4 83.Nf8 Kh3  1/2-1/2

[Event "ch-UKR"]
[Site "Alushta UKR"]
[Date "2002.05.10"]
[Round "8"]
[White "Bodnar,N"]
[Black "Kononenko,D"]
[Result "0-1"]
[WhiteElo "2404"]
[BlackElo "2272"]

1.e4 c5 2.Nf3 Nc6 3.Bb5 d6 4.d4 cxd4 5.Qxd4 Bd7 6.Bxc6 Bxc6 7.Nc3 Nf6 8.Bg5 e6
9.O-O-O Be7 10.Rhe1 Qa5 11.Kb1 O-O 12.Qd2 Qc7 13.Nd4 Rfd8 14.f4 h6 15.Bxf6 Bxf6
16.g4 b5 17.Qd3 b4 18.Ncb5 Bxb5 19.Qxb5 Rac8 20.Qe2 e5 21.fxe5 Bxe5 22.Nf3 Bf6
23.h4 Qe7 24.Qh2 g6 25.g5 hxg5 26.hxg5 Bg7 27.Re2 Rc4 28.Rde1 a5 29.e5 dxe5
30.Nxe5 Qd6 31.Qh1 Rd4 32.Nd3 b3 33.axb3 a4 34.Re8+ Rxe8 35.Rxe8+ Bf8 36.bxa4 Rxa4
37.b3 Ra5 38.Qe1 Rxg5 39.Qc3 Rg1+ 40.Kb2 Qa3+  0-1

[Event "ch-UKR"]
[Site "Alushta UKR"]
[Date "2002.05.10"]
[Round "8"]
[White "Varitski,I"]
[Black "Bylino,O"]
[Result "1-0"]
[WhiteElo "2356"]
[BlackElo "2253"]

1.e4 c5 2.Nf3 Nc6 3.Bb5 d6 4.c3 Bd7 5.O-O Nf6 6.Re1 a6 7.Ba4 b5 8.Bc2 Bg4
9.d3 e5 10.Nbd2 Be7 11.h3 Be6 12.Nf1 O-O 13.d4 cxd4 14.cxd4 exd4 15.Nxd4 Nxd4
16.Qxd4 Rc8 17.Ne3 Nd7 18.Qd1 Nb6 19.f4 Nc4 20.b3 Nxe3 21.Bxe3 Bf6 22.Rc1 Rc3
23.e5 dxe5 24.Bxh7+ Kxh7 25.Rxc3 exf4 26.Rd3 Qa5 27.Bxf4 Qxa2 28.Be5 Bxe5
29.Rxe5 Rc8 30.Rh5+ Kg6 31.Rg3+ Kf6 32.Qd4+ Ke7 33.Qb4+ Kf6 34.Qh4+  1-0

[Event "3rd Open"]
[Site "Backa Palanka YUG"]
[Date "2002.05.10"]
[Round "9"]
[White "Sanduleac,V"]
[Black "Lajthajm,B"]
[Result "1-0"]
[WhiteElo "2477"]
[BlackElo "2419"]

1.e4 c5 2.Nf3 Nc6 3.Bb5 g6 4.Bxc6 dxc6 5.h3 Bg7 6.O-O Nf6 7.Nc3 O-O 8.d3 Ne8
9.Be3 b6 10.Qd2 Nc7 11.Bh6 Be6 12.Bxg7 Kxg7 13.a4 f6 14.Nh2 Qd4 15.Kh1 Rad8
16.f4 Qd7 17.Rad1 Rg8 18.Qe2 Kh8 19.Rde1 Rg7 20.b3 Qd4 21.Nd1 b5 22.axb5 cxb5
23.Ne3 Bc8 24.f5 Bb7 25.Nf3 Qd7 26.Qf2 Rdg8 27.fxg6 Rxg6 28.Nh4 Rg5 29.Nhf5 e6
30.Nh6 R8g6 31.Nhg4 Ne8 32.Nh2 Qg7 33.Qf4 Bc6 34.Ra1 Qb7 35.Qh4 a6 36.Nf3 Rg3
37.Ng4 R3xg4 38.hxg4 Qg7 39.g5 Bb7 40.Qh2 Qe7 41.Kg1 Kg7 42.gxf6+ Nxf6 43.Ne5 Rg5
44.Qf4 h6 45.Rf2 c4 46.Rc1 cxd3 47.cxd3 Ng8 48.Qf7+  1-0

[Event "Dutch Team Playoffs"]
[Site "Enschede NED"]
[Date "2002.05.10"]
[Round "2"]
[White "Van Haastert,E"]
[Black "Hoffmann,Mi"]
[Result "1-0"]
[WhiteElo "2417"]
[BlackElo "2428"]

1.e4 c5 2.Nf3 Nc6 3.Bb5 e6 4.O-O Nge7 5.c3 a6 6.Ba4 d5 7.exd5 Qxd5 8.d4 Bd7
9.Re1 Qh5 10.dxc5 Qxc5 11.Nbd2 Ng6 12.Ne4 Qa5 13.Nfg5 Rd8 14.Bc2 h6 15.Nh3 Bc8
16.Qe2 Be7 17.Ng3 Nh4 18.Nh5 g6 19.Ng3 Kf8 20.Nf4 Kg7 21.Nd3 Qc7 22.Bf4 Bd6
23.Bxd6 Rxd6 24.Qg4 Nf5 25.Nf4 Rd2 26.Re2 Ne5 27.Nxf5+ exf5 28.Qg3 Rxe2 29.Nxe2 Qc5
30.Bb3 Rd8 31.Nd4 Nc6 32.Qc7 Qe7 33.Qxe7 Nxe7 34.Re1 Kf6 35.Kf1 Rd6 36.Ke2 Bd7
37.Rd1 Rb6 38.Rd2 Nc6 39.f4 a5 40.Nxc6 Bxc6 41.Ke3 Be4 42.h4 g5 43.h5 Ke7
44.g3 f6 45.Ba4 Rd6 46.Rxd6 Kxd6 47.b4 axb4 48.cxb4 Bd5 49.a3 Bf7 50.Bd1 Be8
51.a4 g4 52.Bc2 Kd5 53.Bb3+ Kd6 54.Bc2 Kd5 55.Bxf5 Kc4 56.Bxg4 Bxa4 57.b5 Kc5
58.Be2 f5 59.Bd3 Bxb5 60.Bxf5 Bc4 61.g4 Kd6 62.g5 Ke7 63.Kd4 Be2 64.Bg6 Kf8
65.gxh6 Bg4 66.Kc5 Kg8 67.Kb6 Bf3 68.f5 Kh8 69.f6 Bd5 70.Kc5 Ba2 71.Kd6 Bc4
72.Ke7 b5 73.Bd3 Bd5 74.Bxb5  1-0

[Event "Mitropa Cup"]
[Site "Leipzig GER"]
[Date "2002.05.10"]
[Round "8"]
[White "Manik,M"]
[Black "Sprenger,J"]
[Result "1-0"]
[WhiteElo "2410"]
[BlackElo "2468"]

1.e4 c5 2.Nf3 Nc6 3.Bb5 g6 4.Bxc6 dxc6 5.d3 Bg7 6.h3 e5 7.Be3 Qe7 8.O-O Nf6
9.Qc1 Nh5 10.Nc3 h6 11.a3 g5 12.b4 cxb4 13.axb4 Qxb4 14.Na4 Nf4 15.Re1 Be6
16.Nc5 Bf8 17.c3 Qb5 18.c4 Qb4 19.Ra4 Bxc5 20.Rxb4 Bxb4 21.Bxf4 gxf4 22.Rd1 f6
23.d4 O-O-O 24.Qa1 exd4 25.Nxd4 Bxc4 26.Rc1 c5 27.Rxc4 Rxd4 28.Qxd4  1-0

[Event "XI MKD-Cup"]
[Site "Stip MKD"]
[Date "2002.05.10"]
[Round "3"]
[White "Janev,E"]
[Black "Vasovski,N"]
[Result "1/2-1/2"]
[WhiteElo "2521"]
[BlackElo "2290"]

1.e4 c5 2.Nf3 Nc6 3.Bb5 g6 4.O-O Bg7 5.Re1 e5 6.c3 Nge7 7.d4 cxd4 8.cxd4 Nxd4
9.Nxd4 exd4 10.Bg5 h6 11.Bf4 O-O 12.Qc1 Qb6 13.Na3 g5 14.Bc7 Qg6 15.e5 a6
16.Ba4 b5 17.Bb3 Bb7 18.Bd6 Rfe8 19.Qd2  1/2-1/2

[Event "Open"]
[Site "Pula CRO"]
[Date "2002.05.12"]
[Round "1"]
[White "Loncar,R"]
[Black "Marendic,V"]
[Result "1-0"]
[WhiteElo "2436"]
[BlackElo "2087"]

1.e4 c5 2.Nf3 Nc6 3.Bb5 e6 4.O-O Nge7 5.c3 d6 6.Ba4 c4 7.Bc2 b5 8.b3 d5 9.bxc4 bxc4
10.exd5 Nxd5 11.Na3 Na5 12.Ba4+ Bd7 13.Ne5 Nb6 14.Qf3 f6 15.Bxd7+ Nxd7 16.Qh5+ g6
17.Nxg6  1-0

[Event "FSIM May"]
[Site "Budapest HUN"]
[Date "2002.05.13"]
[Round "10"]
[White "Brustkern,J"]
[Black "Nemeth,Z"]
[Result "1-0"]
[WhiteElo "2293"]
[BlackElo "2364"]

1.e4 c5 2.Nf3 Nc6 3.Bb5 g6 4.O-O Bg7 5.Re1 Nd4 6.Nxd4 cxd4 7.d3 e6 8.f4 Ne7
9.Nd2 O-O 10.Nf3 d6 11.Ba4 Bd7 12.Bb3 b5 13.Bd2 Qb6 14.Rf1 a5 15.a3 Kh8 16.Qe1 a4
17.Ba2 Rac8 18.Rc1 Nc6 19.Kh1 Qd8 20.Qg3 Rb8 21.Rce1 b4 22.Bc4 bxa3 23.bxa3 Rb2
24.f5 Ne5 25.Bg5 f6 26.Nxe5 dxe5 27.Bc1 Rb6 28.fxg6 hxg6 29.Qxg6 Qe8 30.Qg4 Rf7
31.Rf3 Bf8 32.Qh4+ Rh7 33.Qxf6+ Bg7 34.Qg5 Rb1 35.Ref1 Rh5 36.Qg4 Bh6 37.Bxh6 Rxf1+
38.Rxf1 Rxh6 39.Qg5 Rh5 40.Qf6+ Kg8 41.Rf3  1-0

[Event "Tanta Open"]
[Site "Tanta City EGY"]
[Date "2002.05.15"]
[Round "3"]
[White "Sarwat,W"]
[Black "Fekri,W"]
[Result "1-0"]
[WhiteElo "2402"]
[BlackElo "2087"]

1.e4 c5 2.Nf3 Nc6 3.Bb5 e5 4.O-O Bd6 5.c3 Qf6 6.d4 cxd4 7.cxd4 Nxd4 8.Nxd4 exd4
9.f4 Bc5 10.e5 Qb6 11.Bd3 d5 12.f5 Bd7 13.Na3 O-O-O 14.Nc2 a5 15.Bd2 Bb5
16.Ne1 Ne7 17.f6 gxf6 18.Rxf6 Nc6 19.Rc1 Bb4 20.Bxb4 axb4 21.Bxb5 Qxb5 22.Qxd4 Kb8
23.Qf4 Qb6+ 24.Kh1 Qd4 25.Qxd4 Nxd4 26.Rxf7 Rhf8 27.Rxf8 Rxf8 28.Nd3 Nc6
29.Kg1 Ka7 30.e6 Kb6 31.Re1 Kc7 32.Rf1 Ra8 33.Rf7+ Kd6 34.Rxh7 Rxa2 35.Rxb7 Kxe6
36.Rb6 Ra1+ 37.Kf2 Kd6 38.Nxb4 Kc5 39.Rxc6+ Kxb4 40.Rc2 d4 41.Ke2 Kb3 42.Kd3 Ra8
43.Re2 Rd8 44.g4 Kb4 45.g5 Rd5 46.Rg2 Kc5 47.g6 Rd8 48.g7 Rg8 49.Rg5+  1-0